Motivácia v systéme sieťového marketingu diplomová práca

Uložené v:
Podrobná bibliografia
Hlavný autor: Jakubová, Petra
Korporativný autor: Podnikovohospodárska fakulta EU so sídlom v Košiciach. Katedra manažmentu
Ďalší autori: Olexová, Cecília, 1976-
Médium: Kniha
Jazyk:Slovak
Vydavateľské údaje: Košice 2022
Tagy: Pridať tag
Žiadne tagy, Buďte prvý, kto otaguje tento záznam!

MARC

LEADER 00000nbm a2200000 4500
001 0284836
005 20230502144907.5
041 0 |a slo 
044 |a SK 
245 1 0 |a Motivácia v systéme sieťového marketingu  |b diplomová práca  |c Petra Jakubová ; školiteľ: Cecília Olexová 
264 1 |a Košice  |c 2022 
300 |a 71 s. 
100 1 |a Jakubová, Petra 
700 1 |a Olexová, Cecília, 1976- 
710 2 |a Podnikovohospodárska fakulta EU so sídlom v Košiciach. Katedra manažmentu